| 000 | 01342cam a22003975a 4500 | ||
|---|---|---|---|
| 001 | 4178 | ||
| 003 | FISKH | ||
| 005 | 20241030104254.0 | ||
| 008 | 010123s1999 nyua c 000 0 eng d | ||
| 010 | _a 2001274161 | ||
| 020 | _a0439099838 (pbk.) | ||
| 020 | _a9780439099837 | ||
| 040 |
_aHQB _cHQB _dOHI _dDLC _beng |
||
| 050 | _aQE862.S3 | ||
| 082 | _a567.9129 | ||
| 100 | 1 | _aRobinson, Fay. | |
| 245 | 1 | 0 |
_aA dinosaur named Sue : _bthe find of the century / _cby Fay Robinson ; with the science team of the Field Museum ; with illustrations by Portia Sloan. |
| 260 |
_aNew York : _bScholastic, _c1999. |
||
| 300 |
_a48 pages ; _bcolor illustrations ; _c23 cm |
||
| 490 | 1 |
_aScholastic Reader _vLevel 4 |
|
| 505 | _aR | ||
| 520 | _aDescribes how the fossil remains of the largest and most complete Tyrannosaurus rex were discovered in South Dakota. | ||
| 521 |
_a760
_bLexile |
||
| 521 |
_aR
_bRaz-Plus |
||
| 650 | 0 |
_aTyrannosaurus rex _vJuvenile literature. |
|
| 650 | 0 |
_aPaleontology _vJuvenile literature. |
|
| 650 | 0 |
_aFossils _vJuvenile literature. |
|
| 650 | 1 | _aTyrannosaurus rex. | |
| 650 | 1 | _aDinosaurs. | |
| 650 | 1 | _aPaleontology. | |
| 650 | 1 | _aFossils. | |
| 700 | 1 |
_aSloan, Portia. _4illustrator |
|
| 906 |
_a7 _bcbc _ccopycat _d2 _encip _f20 _gy-gencatlg |
||
| 942 |
_2ddc _cBK _n0 |
||
| 999 |
_c4178 _d4178 |
||